[Event "AUTO-OPEN-3442"]
[Site "http://www.queenalice.com/game.php?id=1343915"]
[Date "2015.2.25"]
[Round "1"]
[White "Kraken"]
[Black "BlackKnight72"]
[Result "1-0"]
[WhiteElo "1780"]
[BlackElo "1765"]

1. b3 d5 2. Bb2 c5 3. e3 Nc6 4. Bb5 Bd7 5. d4 cxd4 6. exd4 e6 7. Nf3 Nf6 8. Nbd2
Bd6 9. c4 Bc7 10. c5 O-O 11. Qc2 Nb4 12. Qc3 Nc6 13. Ba4 a6 14. b4 b5 15. Bb3
Ne7 16. a4 bxa4 17. Bxa4 Bxa4 18. Rxa4 Nc6 19. O-O Re8 20. Qa3 Ne7 21. Ra1 Nc6
22. b5 a5 23. bxc6 h6 24. Bc3 Re7 25. Ne5 Bxe5 26. dxe5 Ne8 27. Bxa5 Qc8 28. Bb6
Nc7 29. Bxc7 Rxa4 30. Qxa4 Rxc7 31. Qa8 Rxc6 32. Qxc8+ Rxc8 33. Ra5 Kf8 34. Nf3
Ke8 35. Nd4 Rc7 36. c6 Ke7 37. Rb5 Kd8 38. Rb6 Ke7 39. Nb5 Rc8 40. c7 Kd7 41.
Rb8 f6 42. Nd6 Rxc7 43. f4 Ke7 44. Rg8 g5 45. Rg7+ Kd8 46. exf6 gxf4 47. Rg8+
Kd7 48. f7 Kxd6 49. f8=Q+ Ke5 50. Qb8 Kd6 51. Rg7 1-0

[Event "AUTO-OPEN-3442"]
[Site "http://www.queenalice.com/game.php?id=1343930"]
[Date "2015.2.25"]
[Round "1"]
[White "JoseHenrique"]
[Black "Kraken"]
[Result "0-1"]
[WhiteElo "1726"]
[BlackElo "1828"]

1. c4 d5 2. cxd5 Qxd5 3. Nc3 Qd8 4. e4 e5 5. Nf3 Nd7 6. Bc4 b6 7. O-O Bb7 8. d3
Be7 9. a3 Ngf6 10. Bg5 h6 11. Bxf6 Bxf6 12. Ne1 Nc5 13. b4 Na6 14. Rc1 Qe7 15.
Nd5 Qd6 16. Bb3 O-O-O 17. b5 Nc5 18. a4 Nxb3 19. Qxb3 Bxd5 20. exd5 Qxd5 21. Qc4
Qxc4 22. dxc4 Kb7 23. Nc2 Be7 24. Ne3 Bg5 25. g3 Rd3 26. Ra1 Bxe3 27. fxe3 f6
28. Kf2 Rd2+ 29. Kg1 Rhd8 30. h4 R8d3 31. Rfe1 Rc2 32. Rec1 Rxc1+ 33. Rxc1 Rxe3
34. Kg2 Ra3 0-1

[Event "AUTO-OPEN-3442"]
[Site "http://www.queenalice.com/game.php?id=1343931"]
[Date "2015.2.25"]
[Round "1"]
[White "Kraken"]
[Black "JoseHenrique"]
[Result "0-1"]
[WhiteElo "1800"]
[BlackElo "1707"]

1. Nf3 d5 2. d4 Nf6 3. g3 b6 4. Bg2 Bb7 5. O-O g6 6. Na3 Bg7 7. b3 O-O 8. Bf4
Na6 9. c4 dxc4 10. Nxc4 c5 11. Qc2 Nb4 12. Qc3 Ne4 13. Qc1 cxd4 14. Rb1 Nxa2 15.
Qb2 Nac3 16. Nfd2 Nxe2+ 17. Kh1 d3 0-1

[Event "Challenge"]
[Site "http://www.queenalice.com/game.php?id=1345746"]
[Date "2015.3.5"]
[Round "-"]
[White "Kraken"]
[Black "Omar"]
[Result "0-1"]
[WhiteElo "1839"]
[BlackElo "1826"]

1. d4 d5 2. e3 a6 3. b3 Nf6 4. Bb2 e6 5. Nf3 h6 6. Bd3 Be7 7. Nbd2 Nc6 8. c4 Nb4
9. Be2 O-O 10. a3 Nc6 11. c5 Nh7 12. b4 Bf6 13. a4 Nxb4 14. c6 Nxc6 15. O-O a5
16. e4 Qd6 17. Ba3 Nb4 18. e5 Bxe5 19. dxe5 Qc6 20. Nd4 Qe8 21. Rc1 c6 22. Nc2
c5 23. f4 b6 24. Bf3 Bd7 25. Nxb4 axb4 26. a5 bxa3 27. axb6 c4 28. Nxc4 Ra4 29.
Nd6 Qa8 30. b7 Qa6 31. Be2 Qa7+ 32. Kh1 Rb4 33. Rc7 Rd8 34. Qd2 Rb2 35. Qc1 Nf8
36. Rc8 Bxc8 37. bxc8=Q Rxc8 38. Nxc8 Qb7 39. Nd6 Qb8 40. Qa1 a2 41. Bd3 Ng6 42.
Rc1 Qb3 43. Nb5 Rd2 44. f5 Qxd3 45. fxg6 Qxg6 46. Nc3 Qxg2# 0-1

[Event "Challenge"]
[Site "http://www.queenalice.com/game.php?id=1346078"]
[Date "2015.3.6"]
[Round "-"]
[White "Rod_"]
[Black "Kraken"]
[Result "0-1"]
[WhiteElo "1736"]
[BlackElo "1875"]

1. e4 e5 2. d4 exd4 3. Qxd4 Nc6 4. Qd2 b6 5. Bb5 Bb7 6. Nf3 Qe7 7. Nc3 O-O-O 8.
Qd3 Nb4 9. Qc4 Nxc2+ 10. Kf1 Nxa1 11. Ba6 Nc2 12. Nd5 Qc5 13. Bxb7+ Kxb7 14.
Qxc5 bxc5 15. a3 Nd4 16. Nxd4 cxd4 17. f3 Ne7 18. Nxe7 Bxe7 19. b4 d5 20. exd5
Rxd5 21. Kf2 a5 22. Bd2 axb4 23. axb4 Rb5 24. Re1 Bxb4 25. Bxb4 Rxb4 26. Rd1 c5
27. Kg3 Rd8 28. h4 c4 29. Kf4 d3 30. Ke3 Rb3 31. g3 d2+ 32. Ke2 Rb2 33. g4 c3
0-1

[Event "AUTO-ADV-3371"]
[Site "http://www.queenalice.com/game.php?id=1346430"]
[Date "2015.3.8"]
[Round "1"]
[White "altair"]
[Black "Kraken"]
[Result "1-0"]
[WhiteElo "1772"]
[BlackElo "1892"]

1. e4 e5 2. Nf3 d6 3. h3 Nf6 4. Nc3 Nc6 5. b3 Be6 6. d4 exd4 7. Nxd4 Nxd4 8.
Qxd4 c5 9. Qe3 Qa5 10. Be2 Nxe4 11. Bd2 Nxd2 12. Qxd2 a6 13. O-O g6 14. Bf3 Bg7
15. Bxb7 Rb8 16. Bc6+ Bd7 17. Qxd6 1-0

[Event "AUTO-ADV-3371"]
[Site "http://www.queenalice.com/game.php?id=1346431"]
[Date "2015.3.8"]
[Round "1"]
[White "Kraken"]
[Black "altair"]
[Result "1-0"]
[WhiteElo "1829"]
[BlackElo "1737"]

1. Nf3 d6 2. g3 h6 3. Bg2 Nf6 4. d4 b6 5. c4 Nbd7 6. b4 e5 7. Nxe5 Rb8 8. Nc6
Bb7 9. Nxd8 Bxg2 10. Nc6 Ra8 11. Rg1 Bh3 12. d5 g6 13. Bb2 Bg7 14. Nc3 Ne4 15.
Qc2 Nef6 16. Ne4 Bf5 17. Nxf6+ Bxf6 18. Qb3 O-O 19. Bxf6 Nxf6 20. Ne7+ Kg7 21.
Nxf5+ gxf5 22. Qc3 Rfe8 23. g4 Re5 24. gxf5+ Kh7 25. Qh3 Rae8 26. e3 Re4 27. Rc1
Nd7 28. f6 Nxf6 29. Qf5+ Kh8 30. Qxf6+ 1-0

[Event "AUTO-ADV-3371"]
[Site "http://www.queenalice.com/game.php?id=1346448"]
[Date "2015.3.8"]
[Round "1"]
[White "Kraken"]
[Black "sccp1910"]
[Result "1-0"]
[WhiteElo "1865"]
[BlackElo "1781"]

1. d4 d5 2. g3 Nc6 3. Bg2 Bf5 4. a3 Nxd4 5. Qxd4 e6 6. Qc3 Nf6 7. Nd2 Bc5 8.
Qxc5 b6 9. Qc6+ Nd7 10. e4 dxe4 11. Nxe4 O-O 12. Nh3 Ne5 13. Qb5 a6 14. Qxe5 Qd7
15. Bh6 f6 16. Nxf6+ Rxf6 17. Bxa8 Rxh6 18. Nf4 c6 19. Rd1 Qc8 20. Qd6 Qxa8 21.
Qe7 e5 22. Rd8+ Qxd8 23. Qxd8+ Kf7 24. Nd3 e4 25. Ne5+ Ke6 26. Qe8+ Kf6 27. Nd7+
Kg5 28. h4+ Kg4 29. Ne5# 1-0

[Event "AUTO-ADV-3371"]
[Site "http://www.queenalice.com/game.php?id=1346449"]
[Date "2015.3.8"]
[Round "1"]
[White "sccp1910"]
[Black "Kraken"]
[Result "0-1"]
[WhiteElo "1672"]
[BlackElo "1879"]

1. e4 e5 2. Qf3 d6 3. Bc4 Nf6 4. d3 Bg4 5. Qe3 Nbd7 6. h3 Bh5 7. h4 Nb6 8. f3
Nxc4 9. dxc4 c5 10. g4 Bxg4 11. fxg4 Nxg4 12. Qb3 Be7 13. Nf3 Rb8 14. Nc3 g5 15.
hxg5 Rg8 16. Rxh7 Kd7 17. Rxf7 Rf8 18. g6 Rxf7 19. gxf7 Qh8 20. Qb5+ Kd8 21. Nd5
Qh1+ 22. Kd2 Qg2+ 23. Kc3 Qxf3+ 24. Be3 Qxf7 25. Re1 Nxe3 26. Rxe3 Bg5 27. Rg3
Qh5 28. Nf6 Bxf6 29. Rg8+ Kc7 30. Qa5+ b6 31. Qxa7+ Rb7 32. Qa8 Qh3+ 33. Kd2 Qd7
34. Rf8 Bg5+ 35. Ke1 Be7 36. Rf7 Bh4+ 37. Ke2 Qxf7 38. Qh8 Qf2+ 39. Kd3 Qd4+ 40.
Ke2 Qxe4+ 41. Kd2 Qe1+ 42. Kd3 e4# 0-1

[Event "AUTO-ADV-3371"]
[Site "http://www.queenalice.com/game.php?id=1346450"]
[Date "2015.3.8"]
[Round "1"]
[White "Kraken"]
[Black "henriq19"]
[Result "0-1"]
[WhiteElo "1860"]
[BlackElo "1891"]

1. b3 Nc6 2. Bb2 d5 3. d4 Nf6 4. e3 Bf5 5. Bd3 Bxd3 6. Qxd3 e6 7. Ne2 Be7 8.
Nbc3 O-O 9. O-O-O a6 10. f4 Ng4 11. Rdf1 Nb4 12. Qd1 Nxe3 0-1

[Event "AUTO-ADV-3371"]
[Site "http://www.queenalice.com/game.php?id=1346451"]
[Date "2015.3.8"]
[Round "1"]
[White "henriq19"]
[Black "Kraken"]
[Result "1-0"]
[WhiteElo "1947"]
[BlackElo "1811"]

1. Nf3 d5 2. b3 e6 3. Bb2 Bc5 4. e3 Nf6 5. Be2 O-O 6. O-O b6 7. c4 Bb7 8. d4 Bd6
9. Nbd2 c5 10. Rc1 Na6 11. a3 Nc7 12. dxc5 Bxc5 13. Qc2 dxc4 14. Nxc4 Be4 15.
Qc3 Ncd5 16. Qe5 Be7 17. g4 b5 18. Ncd2 Bxf3 19. Nxf3 a6 20. g5 Ne8 21. h4 Bd6
22. Qd4 f6 23. Qe4 Nec7 24. Bd3 f5 25. Qd4 Rf7 26. Kg2 Rd7 27. Rc6 Ne8 28. Rg1
Rc7 29. Rxc7 Qxc7 30. Kf1 Ne7 31. h5 Bc5 32. Qe5 Qxe5 33. Nxe5 b4 34. axb4 Bxb4
35. Ke2 a5 36. g6 h6 37. Bc4 Nc7 38. Rd1 Ncd5 39. Bxd5 Nxd5 40. Nc6 Nc3+ 41.
Bxc3 Bxc3 42. Rd8+ Rxd8 43. Nxd8 e5 44. Kd3 Be1 45. f3 Bb4 46. Nc6 f4 47. exf4
1-0

[Event "AUTO-ADV-3372"]
[Site "http://www.queenalice.com/game.php?id=1346762"]
[Date "2015.3.10"]
[Round "1"]
[White "Nille"]
[Black "Kraken"]
[Result "1-0"]
[WhiteElo "1852"]
[BlackElo "1845"]

1. e4 g6 2. d4 Bg7 3. e5 e6 4. Nf3 d6 5. Bf4 dxe5 6. Nxe5 Nd7 7. Bb5 f6 8. Nxd7
Bxd7 9. Qd3 c6 10. Ba4 Qa5+ 11. Nc3 e5 12. dxe5 fxe5 13. Qe3 O-O-O 14. Bg5 Re8
15. O-O Nf6 16. Qf3 Rhf8 17. Qe3 e4 18. Bxf6 Bxf6 19. Bb3 Bg5 20. Qg3 e3 21.
fxe3 Rxe3 22. Rxf8+ Be8 23. Qg4+ Kb8 24. Qd7 Qb6 25. Kf1 Qa6+ 26. Kg1 Qb6 27.
Kh1 Bd8 28. Rxe8 1-0

[Event "AUTO-ADV-3372"]
[Site "http://www.queenalice.com/game.php?id=1346778"]
[Date "2015.3.10"]
[Round "1"]
[White "Artking"]
[Black "Kraken"]
[Result "0-1"]
[WhiteElo "2029"]
[BlackElo "1856"]

1. d4 d5 2. c4 c6 3. Nc3 dxc4 4. a4 e6 5. Nf3 Bb4 6. e4 Ne7 7. Bxc4 Qa5 8. Qc2
b5 9. Bd3 Nd7 10. O-O Ba6 11. Bf4 Bxc3 12. bxc3 bxa4 13. Bd6 Bxd3 14. Qxd3 Nc8
15. Bb4 Qb5 16. Qc2 Ncb6 17. g4 c5 18. dxc5 Nxc5 19. Nd4 Qc4 20. Rfd1 O-O 21.
Nc6 Nbd7 22. Ne7+ Kh8 23. Rd4 Qa6 24. g5 Qb7 25. g6 fxg6 26. f3 Rae8 27. Rb1 Qc7
28. Rxd7 Qxd7 29. Bxc5 Rxf3 30. Qg2 Rxc3 31. Qg5 Rb3 32. Rf1 Rb5 33. Qe3 Qb7 34.
Qf2 Rb1 35. Qc2 Rxf1+ 36. Kxf1 Qc7 37. Qf2 Qd8 38. Qf3 Rxe7 39. Bxe7 Qxe7 40. e5
h5 41. Qe4 Kh7 42. Qxa4 Qc5 43. Qa1 a5 44. Qb2 a4 45. Kg2 a3 46. Qa2 Qd5+ 0-1

[Event "AUTO-ADV-3372"]
[Site "http://www.queenalice.com/game.php?id=1346779"]
[Date "2015.3.10"]
[Round "1"]
[White "Kraken"]
[Black "Artking"]
[Result "0-1"]
[WhiteElo "1878"]
[BlackElo "2006"]

1. Nf3 Nf6 2. g3 g6 3. Bg2 Bg7 4. c3 O-O 5. d4 c6 6. O-O d6 7. Nbd2 Nbd7 8. e4
e5 9. Nc4 Qe7 10. dxe5 dxe5 11. b3 Rd8 12. Ba3 c5 13. Nd6 b6 14. Nxc8 Raxc8 15.
Qc2 Nf8 16. Bb2 Nh5 17. c4 f6 18. a4 Ne6 19. Bh3 Rc7 20. Bxe6+ Qxe6 21. a5 Rcd7
22. Bc3 Qg4 23. Ne1 Nf4 24. f3 Qg5 25. Ng2 Rd2 26. Bxd2 Rxd2 27. gxf4 Qxg2# 0-1

[Event "AUTO-ADV-3372"]
[Site "http://www.queenalice.com/game.php?id=1346788"]
[Date "2015.3.10"]
[Round "1"]
[White "jlpbarreto"]
[Black "Kraken"]
[Result "1-0"]
[WhiteElo "1964"]
[BlackElo "1867"]

1. e4 g6 2. Nf3 Bg7 3. d4 d6 4. c3 f5 5. e5 dxe5 6. Nxe5 Nd7 7. Bf4 Nxe5 8. Bxe5
Bxe5 9. dxe5 Qxd1+ 10. Kxd1 Be6 11. Bd3 O-O-O 12. Ke2 Rd5 13. f4 Nh6 14. Bc4
Rxe5+ 15. fxe5 Bxc4+ 16. Kf2 Ng4+ 17. Kg3 Nxe5 18. Na3 Ba6 19. b4 b6 20. Rhe1
f4+ 21. Kh3 Nf7 22. Rxe7 Rf8 23. Rae1 Kb8 24. Re8+ Rxe8 25. Rxe8+ Bc8+ 26. Kh4
g5+ 27. Kh5 Kb7 28. Re7 Nd6 29. Kxg5 1-0

[Event "AUTO-ADV-3372"]
[Site "http://www.queenalice.com/game.php?id=1346789"]
[Date "2015.3.10"]
[Round "1"]
[White "Kraken"]
[Black "jlpbarreto"]
[Result "0-1"]
[WhiteElo "1822"]
[BlackElo "1989"]

1. Nf3 Nf6 2. g3 g6 3. Bg2 Bg7 4. O-O O-O 5. d3 d6 6. e4 c6 7. c4 Nbd7 8. Nc3 a5
9. a4 Nc5 10. Be3 Na6 11. Na2 Ng4 12. Bc1 f5 13. h3 Nf6 14. exf5 Bxf5 15. Nd4
Bd7 16. Be3 Qc8 17. Kh2 Nh5 18. Qd2 Nc5 19. Rab1 Nxa4 20. b3 Nc5 21. b4 axb4 22.
Nxb4 Ra4 23. Nb3 Ne6 24. c5 d5 25. d4 Kh8 26. Na2 Qc7 27. Nc3 Ra7 28. Ne2 Rfa8
29. Bh6 Ra2 30. Bxg7+ Kxg7 31. Qe3 Rf8 32. Nd2 Rfa8 33. Nf3 R8a3 34. Qe5+ Kg8
35. Rfe1 Qd8 36. Rxb7 Ra7 37. Qb8 Qxb8 38. Rxb8+ Kg7 39. Ne5 Nf6 40. Nxd7 Nxd7
41. Rbb1 Rd2 42. Nc3 Kf6 43. Kg1 Nxd4 44. Red1 Ne2+ 45. Nxe2 Rxe2 46. Rbc1 Ra5
47. Bf3 Rb2 48. Rb1 Rc2 49. Re1 Raa2 50. Bg4 Nxc5 51. Rbc1 Rxc1 52. Rxc1 Ne4 53.
Rxc6+ Kg7 54. Rc7 Kf7 55. Rc6 Nxf2 56. Be6+ Kg7 57. Rc7 Kf6 58. Rc6 Ke5 59. Bc8
Ne4 60. Re6+ Kd4 61. Rxe7 h5 62. Rg7 Ra8 63. Be6 g5 64. Bf5 Nd2 65. Kf2 Rf8 66.
Ke2 Rxf5 67. Kxd2 Ke4 68. Re7+ Kf3 69. Re3+ Kg2 70. g4 hxg4 71. hxg4 Rf2+ 72.
Ke1 Rf4 73. Re5 Re4+ 74. Rxe4 dxe4 75. Ke2 Kg3 0-1

[Event "AUTO-ADV-3310"]
[Site "http://www.queenalice.com/game.php?id=1354979"]
[Date "2015.4.22"]
[Round "2"]
[White "Artking"]
[Black "Kraken"]
[Result "1-0"]
[WhiteElo "2002"]
[BlackElo "1798"]

1. e4 b6 2. d4 Bb7 3. Bd3 d5 4. e5 f6 5. f4 fxe5 6. fxe5 e6 7. Nf3 Nd7 8. O-O h6
9. Qe1 g5 10. Bg6+ Ke7 11. Nxg5 1-0

[Event "AUTO-ADV-3310"]
[Site "http://www.queenalice.com/game.php?id=1354980"]
[Date "2015.4.22"]
[Round "2"]
[White "Kraken"]
[Black "Artking"]
[Result "0-1"]
[WhiteElo "1790"]
[BlackElo "2112"]

1. d4 Nf6 2. e3 d6 3. Bd3 g6 4. Ne2 Bg7 5. O-O O-O 6. c4 c6 7. Nbc3 Nbd7 8. b4
e5 9. d5 cxd5 10. cxd5 a6 11. a4 Qe8 12. a5 Nh5 13. e4 f5 14. exf5 gxf5 15. Ng3
Nxg3 16. fxg3 e4 17. Bb2 exd3 18. Qxd3 Ne5 19. Qd2 Nc4 0-1

[Event "AUTO-ADV-3310"]
[Site "http://www.queenalice.com/game.php?id=1354983"]
[Date "2015.4.22"]
[Round "2"]
[White "Kraken"]
[Black "jalhallib"]
[Result "0-1"]
[WhiteElo "1798"]
[BlackElo "2044"]

1. b3 e5 2. Bb2 d6 3. d4 e4 4. e3 d5 5. Nd2 Nf6 6. f3 a6 7. Qe2 Nc6 8. O-O-O h6
9. h4 Bd6 10. g4 exf3 11. Ngxf3 Bxg4 12. Bh3 Bxf3 13. Qxf3 O-O 14. Rhg1 Kh8 15.
Rg2 Rg8 16. e4 dxe4 17. Nxe4 Nxe4 18. Qxe4 Re8 19. Qg4 Rg8 20. Rdg1 Qf6 21. Qf5
Qxf5 22. Bxf5 f6 23. Be6 Bf4+ 24. Kb1 Be3 25. Rd1 Rgd8 26. d5 Ne5 27. Bxe5 fxe5
28. Rf1 Bf4 29. Rg6 Re8 30. Rfg1 Re7 31. c4 Rf8 32. h5 Bg5 33. Re1 Rf2 34. Rh1
Re8 35. c5 Ref8 36. Bh3 Rd2 37. d6 cxd6 38. cxd6 Rff2 39. d7 Rb2+ 0-1

[Event "AUTO-ADV-3310"]
[Site "http://www.queenalice.com/game.php?id=1354984"]
[Date "2015.4.22"]
[Round "2"]
[White "jalhallib"]
[Black "Kraken"]
[Result "0-1"]
[WhiteElo "2056"]
[BlackElo "1792"]

1. Nf3 Nc6 2. e4 b6 3. d4 Bb7 4. d5 Nb8 5. Nc3 e5 6. dxe6 fxe6 7. Bg5 Be7 8.
Bxe7 Nxe7 9. Bd3 Na6 10. O-O Nb4 11. a3 Nxd3 12. cxd3 d5 13. exd5 Nxd5 14. Re1
O-O 15. Ne4 Nf6 16. h3 Nxe4 17. dxe4 Qxd1 18. Raxd1 a5 19. Rd7 Rac8 20. Ng5 Bc6
21. Re7 Rfe8 22. Rxe8+ Rxe8 23. h4 Re7 24. f3 h6 25. Nh3 e5 26. Rd1 Re8 27. Nf2
Ba4 28. Rc1 c5 29. Ng4 h5 30. Ne3 Bb3 31. Nd5 Re6 32. Kf2 a4 33. g3 Rd6 34. Ne7+
Kf8 35. Nf5 Rd2+ 36. Ke3 Rxb2 37. g4 hxg4 38. fxg4 Be6 39. Rd1 Rb3+ 40. Rd3 c4
41. Rxb3 axb3 42. Kd2 Bd7 43. Kc3 b5 44. Ne3 Ke7 45. Nd5+ Kd6 46. g5 g6 47. Nb6
Bc6 48. Nd5 Bxd5 49. exd5 Kxd5 50. Kd2 Ke6 51. Kc3 e4 52. h5 gxh5 53. g6 e3 54.
g7 Kf7 0-1